Rubber plantation: A sustainable source of wood (Record no. 52171)

MARC details
000 -LEADER
fixed length control field 00403nam a2200133Ia 4500
100 ## - MAIN ENTRY--AUTHOR NAME
Personal name Nair M.K.B.
245 #0 - TITLE STATEMENT
Title Rubber plantation: A sustainable source of wood
260 ## - PUBLICATION, DISTRIBUTION, ETC. (IMPRINT)
Name of publisher Indian Rubber Industry: Commemorative Number For Express Hotelier and Caterer
Year of publication 2001
300 ## - PHYSICAL DESCRIPTION
Number of Pages 14-15
650 ## - SUBJECT ADDED ENTRY--TOPICAL TERM
Topical Term Rubber plantation
650 ## - SUBJECT ADDED ENTRY--TOPICAL TERM
Topical Term Rubber wood
942 ## - ADDED ENTRY ELEMENTS (KOHA)
Koha item type Bibliography STAF
Holdings
Withdrawn status Lost status Damaged status Not for loan Home library Current library Date acquired Serial Enumeration / chronology Koha item type
      Bibliography RRII Library RRII Library 09/04/2014 Volume Ju/Au, Issue Bibliography STAF